000 01681nam a22004097a 4500
003 CHAP
005 20220329143412.0
008 090414s2009 mx r 00010 spa d
010 _a96047
011 _a97019
035 _a107678
040 _cCHAP
090 _aTesis
100 1 _aIbarra Contreras, Pedro
_957162
245 1 0 _aTercer Informe sobre desarrollo Humano de la región península de Yucatán (Campeche, Quintana Roo y Yucatán) :
_banálisis comparativo 1995 - 2000 - 2005
_c/por Pedro Ibarra Contreras
260 _aChapingo, Méx. :
_bEl autor,
_c2009
300 _avii, 98 h. :
_bcuadros, gráfs.
502 _aTesis (Lic. en Estadística) -- UACH. Departamento de Estadística, Matemática y Cómputo
530 _aTambién disponible en línea
590 _aALEPH
_b10
_c20130110
_lUCH01
_h1528
590 _aBATCH-UPD
_b10
_c20130110
_lUCH01
_h0619
590 _aBATCH-UPD
_b10
_c20130410
_lUCH01
_h0302
590 _aBATCH-UPD
_b10
_c20130914
_lUCH01
_h1145
590 _aBATCH-UPD
_b10
_c20140324
_lUCH01
_h1511
590 _aBATCH-UPD
_b10
_c20141002
_lUCH01
_h0839
590 _aCONVERSION
_b10
_c20130109
_lUCH01
_h1353
650 1 4 _aDesarrollo de la comunidad
_xYucatán.
_931977
650 1 4 _aDesarrollo de la comunidad
_zCampeche.
_931978
650 1 4 _aDesarrollo de la comunidad
_zQuintana Roo.
_931988
650 1 4 _aEnfoque de género.
_936945
650 1 4 _aEstadística.
_938241
856 _3Finding aid
_uhttp://10.13.5.2/tesis/107678.pdf
_zTeclea aqui
901 _aBK
942 _cFOLL
949 _aTesis
_bBC
_cTES
_d33724002089025
_eTS1
_gDonaciØn
_h49177
_i107678
_sb
949 _aTesis
_bBC
_cTES
_d33724002089066
_eTS2
_fc.2
_gDonaciØn
_h49178
_i107678
_sb
999 _c96047
_d96047